000
00291nam a2200121Ia 4500
008
201210s9999 xx 000 0 und d
100
_a
Piskunov, N.
245
0
_a
Diffrential and Integral Calculus
260
_a
Moscow
_b
Mir Publishers
_c
1981
300
_a
471
490
_v
Vol-I
942
_c
BK
999
_c
5208
_d
5208